000 00881cam a2200277 a 4500
003 MX-MxUPN
005 20240417170005.0
008 190704s2009 mx fr 000 0 spa d
020 _a9786070205842
035 _aUPN01000231716
040 _aMX-MxUPN
_bspa
041 0 _aspa
049 _aCG
050 4 _aPN4967
_bM37 2009
100 1 _aMartínez Luna, Esther
_945899
245 1 0 _aA, B, C, diario de México (1805-1812) :
_bun acercamiento
250 _aPrimera edición
260 _aMéxico :
_bUniversidad Nacional Autónoma de México, Instituto de Investigaciones Filológicas ,
_c2009.
300 _a123 páginas
490 _aColección de bolsillo ;
_v36
630 4 _951601
_aDiario de México (1805-1817)
650 4 _925910
_aPrensa
_zMéxico
_xHistoria
_ySiglo XIX
902 _bVíctorGodínez/170424
942 _2lcc
_cLIBRO
999 _c203811
_d203811